| 000 | 00418nam a2200145Ia 4500 | ||
|---|---|---|---|
| 008 | 220204s9999 xx 000 0 und d | ||
| 082 |
_a582.28 _bWIC |
||
| 100 | _aCARROLL, George C | ||
| 245 | 0 | _aFungal community: Its organisation and role in the ecosystem. | |
| 260 |
_aNew York _bMarcel Dekker _c1981 |
||
| 490 | _aMycology series; v 2 | ||
| 650 | _aFungal community | ||
| 700 | _aWICKLOW, Donald T | ||
| 942 | _cBK | ||
| 999 |
_c36418 _d36418 |
||